书目信息 |
| 题名: |
图解难经
|
|
| 作者: | 杨健 编著 | |
| 分册: | ||
| 出版信息: | 北京 中医古籍出版社 2022 |
|
| 页数: | 200页 | |
| 开本: | 24cm | |
| 丛书名: | ||
| 单 册: | ||
| 中图分类: | R221.9 | |
| 科图分类: | ||
| 主题词: | ||
| 电子资源: | ||
| ISBN: | 978-7-5152-2460-2 | |
| 000 | 00770nam0 2200217 450 | |
| 001 | 2470053923 | |
| 005 | 20240907192748.76 | |
| 010 | @a978-7-5152-2460-2@dCNY68.00 | |
| 100 | @a20221009d2022 em y0chiy0120 ea | |
| 101 | 0 | @achi |
| 102 | @aCN@b110000 | |
| 105 | @aa z 000yy | |
| 200 | 1 | @a图解难经@9tu jie nan jing@b专著@f杨健编著 |
| 210 | @a北京@c中医古籍出版社@d2022 | |
| 215 | @a200页@d24cm | |
| 330 | @a本书分原文、注释、译文三部分。在注释上,参考各家,力求浅显、易懂、精要,对难字注音;译文在段落、句型、标点诸方面尽量与原文相一致,在意译上,力求准确,究根求源:书中插图揭示了《难经》原文的奥旨。 | |
| 605 | @a《难经》@x译文 | |
| 690 | @aR221.9@v5 | |
| 701 | 0 | @a杨健@9yang jian@c(中医学)@4编著 |
| 801 | 2 | @aCN@b58marc.cn@c20221110 |
| 905 | @aZUCC@dR221.9@e7 | |
| 图解难经/杨健编著.-北京:中医古籍出版社,2022 |
| 200页;24cm |
| ISBN 978-7-5152-2460-2:CNY68.00 |
| 本书分原文、注释、译文三部分。在注释上,参考各家,力求浅显、易懂、精要,对难字注音;译文在段落、句型、标点诸方面尽量与原文相一致,在意译上,力求准确,究根求源:书中插图揭示了《难经》原文的奥旨。 |
| ● |
| 相关链接 |
|
|
|
正题名:图解难经
索取号:R221.9/7
 
预约/预借
| 序号 | 登录号 | 条形码 | 馆藏地/架位号 | 状态 | 备注 |
| 1 | 2001762733 | 2001762733 | 第四书库/四24架A面2层4列/ [索取号:R221.9/7] | 在馆 | |
| 2 | 2001762734 | 2001762734 | 第四书库/四24架A面2层4列/ [索取号:R221.9/7] | 在馆 | |
| 3 | 2001762735 | 2001762735 | 第四书库/四24架A面2层4列/ [索取号:R221.9/7] | 在馆 | |
| 4 | 2001762736 | 2001762736 | 培训中心一楼图书角/培训中心东北3行9列/ [索取号:R221.9/7] | 在馆 | |
| 5 | 2001762737 | 2001762737 | 培训中心一楼图书角/培训中心东北3行9列/ [索取号:R221.9/7] | 在馆 | |
| 6 | 2001762738 | 2001762738 | 培训中心一楼图书角/培训中心东北3行9列/ [索取号:R221.9/7] | 在馆 |